Music Quiz

Random Music or Song Quiz
Score 0/242 Timer 10:00
0 Plays Today
% Correct
I
100%
and
100%
I
100%
a
100%
And
100%
I've
100%
And
100%
I
100%
I
100%
a
100%
go
100%
I
100%
I
100%
And
100%
I've
100%
And
100%
I
100%
I
100%
a
100%
go
100%
I
100%
I
100%
and
100%
I
100%
a
100%
And
100%
I've
100%
And
100%
I
100%
I
100%
a
100%
go
100%
a
100%
a
100%
And
100%
and
100%
go
100%
you
93.8%
me
93.8%
like
93.8%
to
93.8%
it
93.8%
got
93.8%
this
93.8%
you
93.8%
me
93.8%
to
93.8%
you
93.8%
me
93.8%
you
93.8%
got
93.8%
this
93.8%
you
93.8%
me
93.8%
to
93.8%
you
93.8%
you
93.8%
me
93.8%
like
93.8%
to
93.8%
it
93.8%
got
93.8%
this
93.8%
you
93.8%
me
93.8%
to
93.8%
you
93.8%
to
93.8%
to
93.8%
you
93.8%
you
93.8%
you
93.8%
in
87.5%
can't
87.5%
don't
87.5%
my
87.5%
way
87.5%
on
87.5%
Don't
87.5%
my
87.5%
way
87.5%
% Correct
on
87.5%
in
87.5%
can't
87.5%
don't
87.5%
my
87.5%
way
87.5%
way
87.5%
on
87.5%
on
87.5%
on
87.5%
friend,
81.3%
feel
81.3%
I'll
81.3%
I'll
81.3%
I'll
81.3%
of
81.3%
wanna
81.3%
of
81.3%
I'll
81.3%
friend,
81.3%
feel
81.3%
I'll
81.3%
I'll
81.3%
I'll
81.3%
of
81.3%
friend,
81.3%
feel
81.3%
I'll
81.3%
I'll
81.3%
I'll
81.3%
of
81.3%
make
81.3%
make
81.3%
want
81.3%
of
81.3%
but
75%
thing
75%
see,
75%
who
75%
more
75%
could
75%
out
75%
tell
75%
what
75%
see,
75%
who
75%
more
75%
could
75%
out
75%
but
75%
thing
75%
see,
75%
who
75%
more
75%
could
75%
out
75%
who
75%
what
75%
out
75%
let
68.8%
makes
68.8%
myself,
68.8%
still
68.8%
hear
68.8%
makes
68.8%
myself,
68.8%
still
68.8%
let
68.8%
makes
68.8%
myself,
68.8%
we
68.8%
we
68.8%
still
68.8%
still
68.8%
Truth
62.5%
covered
62.5%
security
62.5%
couldn't
62.5%
work
62.5%
turns
62.5%
wanted
62.5%
% Correct
than
62.5%
Smell
62.5%
never
62.5%
wanted
62.5%
than
62.5%
Smell
62.5%
Truth
62.5%
covered
62.5%
security
62.5%
couldn't
62.5%
work
62.5%
turns
62.5%
wanted
62.5%
than
62.5%
from
62.5%
Smell
62.5%
smell
62.5%
Smell
62.5%
off
56.3%
taking
56.3%
regret
56.3%
arrest
56.3%
prove
56.3%
her
56.3%
keep
56.3%
it's
56.3%
arrest
56.3%
prove
56.3%
her
56.3%
off
56.3%
taking
56.3%
regret
56.3%
arrest
56.3%
prove
56.3%
her
56.3%
her
56.3%
her
56.3%
I'd
50%
steal
50%
wear
50%
Afraid
50%
fear
50%
steal
50%
wear
50%
I'd
50%
steal
50%
wear
50%
Ever
50%
smother
43.8%
shield
43.8%
knowing
43.8%
jealousy
43.8%
****
43.8%
shield
43.8%
smother
43.8%
shield
43.8%
Trading
37.5%
Experience
37.5%
need
37.5%
Trading
37.5%
learn
37.5%
they
37.5%
They
37.5%
anything
31.3%
fighting
31.3%
Until
31.3%
gone
31.3%
without
31.3%
pact
25%
They'll
25%
their
25%
deal
18.8%
We'll
18.8%
rules
18.8%
we'll
18.8%
share
18.8%
what's
18.8%
lost
18.8%
new
12.5%
grew
12.5%

You're not logged in!

Compare scores with friends on all Sporcle quizzes.
OR
Log In

Sporcle TV

Today on Sporcle TV


Watch our educational content, quiz creation guides, and fun videos on Sporcle TV.

Show Comments

Extras

Top Quizzes Today


Score Distribution

Paid Content

Your Account Isn't Verified!

In order to create a playlist on Sporcle, you need to verify the email address you used during registration. Go to your Sporcle Settings to finish the process.

Report this User

Report this user for behavior that violates our Community Guidelines.

Details: